Maggior numero di Convocazioni agli Europei - Statistics

Statistiche generali
  • Questo quiz è stato fatto 16 volte
  • Il punteggio medio è 10 su 22
Statistiche sulle risposte
Calciatore Nazione Totale edizioni Edizioni a cui ha partecipato % Corretto
Cristiano Ronaldo Portogallo 6 2004, 2008, 2012, 2016, 2020, 2024
100%
Zlatan Ibrahimović Svezia 4 2004, 2008, 2012, 2016
93%
Gianluigi Buffon Italia 4 2004, 2008, 2012, 2016
87%
Giorgio Chiellini Italia 4 2008, 2012, 2016, 2020
87%
Iker Casillas Spagna 5 2000, 2004, 2008, 2012, 2016
87%
Luka Modric Croazia 5 2008, 2012, 2016, 2020, 2024
73%
Pepe Portogallo 5 2008, 2012, 2016, 2020, 2024
67%
Alessandro Del Piero Italia 4 1996, 2000, 2004, 2008
60%
Peter Schmeichel Danimarca 4 1988, 1992, 1996, 2000
53%
Edwin van der Sar Paesi Bassi 4 1996, 2000, 2004, 2008
47%
Lothar Matthäus Germania 4 1980, 1984, 1988, 2000
47%
Lukas Podolski Germania 4 2004, 2008, 2012, 2016
47%
Bastian Schweinsteiger Germania 4 2004, 2008, 2012, 2016
40%
Lilian Thuram Francia 4 1996, 2000, 2004, 2008
40%
Olof Mellberg Svezia 4 2000, 2004, 2008, 2012
33%
Petr Čech Repubblica Ceca 4 2004, 2008, 2012, 2016
33%
Sebastian Larsson Svezia 4 2008, 2012, 2016, 2020
27%
Joao Moutinho Portogallo 4 2008, 2012, 2016, 2020
20%
Aron Winter Paesi Bassi 4 1988, 1992, 1996, 2000
7%
Andreas Granqvist Svezia 4 2008, 2012, 2016, 2020
0%
Andreas Isaksson Svezia 4 2004, 2008, 2012, 2016
0%
Steve Mandanda Francia 4 2008, 2012, 2016, 2020
0%
Nessun quiz corrispondente trovato
Distribuzione punteggi
Percentuale di utenti per punteggio
Percentile per numero di risposta
I tuoi punteggi nel tempo
Non hai fatto questo quiz